000 00801nam a2200253Ia 4500
003 OSt
005 20220918171142.0
006 a|||||r|||| 00| 0
007 ta
008 220917b |||||||| |||| 00| 0 eng d
020 _a9781403994622 (pbk)
_c1134.77
024 _a233,660
037 _b2955, 20/02/2008, Bharat Scientific Syndicate
_cTextual
040 _aARTS
_cARTS
_beng
041 _2eng
_aeng
082 _aV5.N14<-L50(Y), P7
100 _aHoffmann Stefan - Ludwig
_934530
245 0 _aCivil society 1750 - 1914
260 _aNew York
_bPalgrave Macmillan U.S.A
_c2007
300 _a107p.
_ccm.
650 _aHISTORY
942 _hV5.N14<-L50(Y), P7
_cTEXL
_2CC
999 _c138134
_d138134